Britain for learners of English understand the country and its people

Na minha lista:
Detalhes bibliográficos
Autor principal: O'Driscoll, James
Formato: Livro
Idioma:inglês
Publicado em: Oxford Oxford University Press 2013
Edição:2nd ed.
Assuntos:
Tags: Adicionar Tag
Sem tags, seja o primeiro a adicionar uma tag!

MARC

LEADER 00000nam a2200000 4500
001 0190002
005 20230109114423.5
020 |a 978-0-19-430644-7 
041 0 |a eng 
044 |a GB 
245 1 0 |a Britain for learners of English  |b understand the country and its people  |c James O'Driscoll 
250 |a 2nd ed. 
264 1 |a Oxford  |b Oxford University Press  |c 2013 
300 |a 224 s. 
610 2 0 |a jazykoveda 
610 2 0 |a terminológia 
610 2 0 |a jazyky cudzie 
610 2 0 |a angličtina 
610 2 0 |a história 
610 2 0 |a geografia 
610 2 0 |a obyvateľstvo 
610 2 0 |a štýl životný 
610 2 0 |a formy organizácie politickej 
610 2 0 |a inštitúcie verejnoprávne 
610 2 0 |a politika 
610 2 0 |a vzťahy medzinárodné 
610 2 0 |a náboženstvo 
610 2 0 |a vzdelávanie 
610 2 0 |a politika hospodárska 
610 2 0 |a umenie 
610 2 0 |a zákony 
610 2 0 |a Veľká Británia 
100 1 |a O'Driscoll, James